Svatantryottar hindi bhasha sahity: pachasottar hindi sahity ka prastavan (Record no. 108157)
[ view plain ]
| 000 -LEADER | |
|---|---|
| fixed length control field | 00813nam a2200217Ia 4500 |
| 003 - CONTROL NUMBER IDENTIFIER | |
| control field | OSt |
| 005 - DATE AND TIME OF LATEST TRANSACTION | |
| control field | 20250131143123.0 |
| 008 - FIXED-LENGTH DATA ELEMENTS--GENERAL INFORMATION | |
| fixed length control field | 210210b2000 xxu||||| |||| 00| 0 eng d |
| 020 ## - INTERNATIONAL STANDARD BOOK NUMBER | |
| International Standard Book Number | 81 7667 055 3 |
| 040 ## - CATALOGING SOURCE | |
| Transcribing agency | AL |
| 041 ## - LANGUAGE CODE | |
| Language code of sung or spoken text | hin |
| 082 ## - DEWEY DECIMAL CLASSIFICATION NUMBER | |
| Classification number | H891.9 MAHS |
| 100 ## - MAIN ENTRY--PERSONAL NAME | |
| Personal name | MAHESHVARI (Suresh) |
| 9 (RLIN) | 196708 |
| 110 ## - MAIN ENTRY--CORPORATE NAME | |
| Subordinate unit | माहेश्वरी (सुरेश) |
| 9 (RLIN) | 196709 |
| 245 ## - TITLE STATEMENT | |
| Title | Svatantryottar hindi bhasha sahity: pachasottar hindi sahity ka prastavan |
| Remainder of title | स्वतंत्रोत्तर हिंदी भाषा साहित्य: पचस्तोत्तार हिंदी साहित्य का प्रस्थावान |
| 260 ## - PUBLICATION, DISTRIBUTION, ETC. | |
| Place of publication, distribution, etc. | Dilli |
| Name of publisher, distributor, etc. | Bhavna Prakashan |
| Date of publication, distribution, etc. | 2000 |
| 300 ## - PHYSICAL DESCRIPTION | |
| Extent | 206 |
| 690 ## - LOCAL SUBJECT ADDED ENTRY--TOPICAL TERM (OCLC, RLIN) | |
| Topical term or geographic name as entry element | Hindi Criticism |
| 9 (RLIN) | 196710 |
| 906 ## - LOCAL DATA ELEMENT F, LDF (RLIN) | |
| a | 061356 |
| 942 ## - ADDED ENTRY ELEMENTS (KOHA) | |
| Source of classification or shelving scheme | Dewey Decimal Classification |
| Koha item type | Book |
| Withdrawn status | Lost status | Source of classification or shelving scheme | Damaged status | Not for loan | Collection code | Home library | Current library | Date acquired | Source of acquisition | Cost, normal purchase price | Total Checkouts | Full call number | Barcode | Date last seen | Date last checked out | Price effective from | Koha item type |
|---|---|---|---|---|---|---|---|---|---|---|---|---|---|---|---|---|---|
| Dewey Decimal Classification | Hindi | St Aloysius Library | St Aloysius Library | 02/17/2021 | Alka Prakashan Kanpur-208007 | 250.00 | 1 | H891.9 MAHS | 061356 | 10/18/2024 | 09/04/2024 | 02/17/2021 | Book |